000 00711nam a2200217Ii 4500
003 JO-AjNU
008 230605s9999||||xx |||||||||||||| ||und||
017 _a2003/10948
020 _a977-01-8568
040 _aJO-AjNU
_bara
_erda
_cJO-AjNU
041 _aara
050 1 4 _aPN4784.A2 2003
100 3 _aحمزة، عبد اللطيف,
_eauthor
_940708
245 0 0 _aمستقبل الصحافة: الجزء الأول، الأدب والصحافة
264 3 1 _aالقاهرة: الهيئة المصرية العامة للكتاب، 2003
300 _a230ص
336 _atext
_btxt
_2rdacontent
337 _aunmediated
_bn
_2rdamedia
338 _avolume
_bnc
_2rdacarrier
650 4 _aصحافة
_940709
999 _aA17298
_c20866
_d20866